[Event "Collado Villalba op 39th"]
[Site "Collado Villalba"]
[Date "2022.08.27"]
[Round "8"]
[White "Liceras Ruiz, Manuel"]
[Black "Pena Hernandez, Francisco Javier"]
[Result "0-1"]
[WhiteElo "1640"]
[BlackElo "1723"]
[PlyCount "92"]
[EventDate "2022.08.20"]
[EventType "swiss"]
[EventRounds "9"]
[EventCountry "ESP"]
[SourceTitle "EXT 2023"]
[Source "ChessBase"]
[SourceDate "2022.10.05"]
[SourceVersion "1"]
[SourceVersionDate "2022.10.05"]
[SourceQuality "1"]

1. e4 c5 2. Nf3 Nc6 3. d4 cxd4 4. Nxd4 Nf6 5. Nc3 a6 6. a3 g6 7. Be3 d6 8. h3 Bg7 9. Bc4 0-0 10. Bb3 h6 11. 0-0 e5 12. Nde2 Kh7 13. Qd3 Be6 14. Nd5 Bxd5 15. Bxd5 Nxd5 16. Qxd5 f5 17. f3 fxe4 18. fxe4 Qc7 19. Nc3 Nd4 20. Rac1 Qb6 21. Rfe1 Qxb2 22. Bxd4 exd4 23. Na4 Qxa3 24. Nb6 Rad8 25. Qxb7 Kh8 26. Nd5 Qg3 27. Qb3 Qf2+ 28. Kh1 Be5 29. Qd3 Rf7 30. Rf1 Qg3 31. Qxg3 Rxf1+ 32. Rxf1 Bxg3 33. Ra1 Rb8 34. Kg1 Rb2 35. Kf1 Rxc2 36. Rxa6 h5 37. Ra3 h4 38. Rd3 Rf2+ 39. Kg1 Re2 40. Rd1 Rxe4 41. Nf6 Re2 42. Ng4 d3 43. Kf1 Kg7 44. Rb1 Kf7 45. Ra1 Ke6 46. Rb1 Kd5 0-1

[Event "Collado Villalba op 39th"]
[Site "Collado Villalba"]
[Date "2022.08.23"]
[Round "4"]
[White "Pena Hernandez, Francisco Javier"]
[Black "Bahillo Vallejo, Ignacio"]
[Result "0-1"]
[WhiteElo "1723"]
[BlackElo "1977"]
[PlyCount "108"]
[EventDate "2022.08.20"]
[EventType "swiss"]
[EventRounds "9"]
[EventCountry "ESP"]
[SourceTitle "EXT 2023"]
[Source "ChessBase"]
[SourceDate "2022.10.05"]
[SourceVersion "1"]
[SourceVersionDate "2022.10.05"]
[SourceQuality "1"]

1. d4 Nf6 2. c4 c6 3. Nc3 d5 4. Nf3 dxc4 5. e3 Bg4 6. Bxc4 e6 7. 0-0 Nbd7 8. h3 Bh5 9. Be2 Be7 10. b3 Qa5 11. Bb2 0-0 12. Nd2 Bg6 13. Nc4 Qg5 14. f4 Qh4 15. Qe1 Qxe1 16. Raxe1 Nb6 17. Ne5 Nfd5 18. Nxg6 hxg6 19. Bd3 Bb4 20. Nxd5 exd5 21. Re2 f5 22. g4 Rae8 23. Kh1 Nc8 24. Rg1 Nd6 25. a3 Ba5 26. b4 Bc7 27. a4 a6 28. Rc1 Rf7 29. b5 axb5 30. axb5 Nxb5 31. Bxb5 cxb5 32. gxf5 gxf5 33. Rec2 Bd6 34. Rc3 Rfe7 35. Rb3 Rxe3 36. Rxb5 Bxf4 37. Rc2 Rxh3+ 38. Kg1 Re1+ 39. Kf2 Rb1 40. Rc8+ Kh7 41. Rcc5 Be3+ 42. Ke2 f4 43. Bc3 Rh2+ 44. Kf3 Rg1 45. Rxd5 Rh3+ 46. Ke4 Bc1 47. Rh5+ Rxh5 48. Rxh5+ Kg6 49. Rb5 Rg3 50. Rb6+ Kh5 51. Rb5+ g5 52. Ba5 f3 53. Rb1 f2 54. Rxc1 Rg1 0-1

[Event "Collado Villalba Grupo Gallinero op 1st"]
[Site "Collado Villalba"]
[Date "2022.08.14"]
[Round "5"]
[White "Melero Fernandez, Jose M"]
[Black "Pena Hernandez, Francisco Javier"]
[Result "0-1"]
[WhiteElo "1229"]
[BlackElo "1723"]
[PlyCount "52"]
[EventDate "2022.08.12"]
[EventType "swiss"]
[EventRounds "9"]
[EventCountry "ESP"]
[SourceTitle "CBM 210 Extra"]
[Source "ChessBase"]
[SourceDate "2022.11.30"]
[SourceVersion "1"]
[SourceVersionDate "2022.11.30"]
[SourceQuality "1"]

1. e4 c5 2. Nc3 Nc6 3. f4 e6 4. Nf3 d6 5. Bc4 g6 6. 0-0 Bg7 7. Bb3 Nge7 8. Qe1 a6 9. a4 Nd4 10. Nxd4 cxd4 11. Ne2 d3 12. Nc3 Nc6 13. Kh1 Nd4 14. Qd1 Qb6 15. Ra3 dxc2 16. Bxc2 Nxc2 17. Qxc2 Bd7 18. Rb3 Qc7 19. d3 Bxa4 20. Be3 Bxb3 21. Qxb3 0-0 22. d4 b5 23. e5 Qc4 24. Qd1 dxe5 25. fxe5 Rad8 26. Qg4 Qxf1+ 0-1

[Event "Collado Villalba op 38th"]
[Site "Collado Villalba"]
[Date "2021.08.27"]
[Round "7"]
[White "Melcon Diez, Enrique"]
[Black "Pena Hernandez, Francisco Javier"]
[Result "0-1"]
[WhiteElo "1620"]
[BlackElo "1691"]
[PlyCount "80"]
[EventDate "2021.08.21"]
[EventType "swiss"]
[EventRounds "9"]
[EventCountry "ESP"]
[SourceTitle "CBM 204 Extra"]
[Source "ChessBase"]
[SourceDate "2021.11.30"]
[SourceVersion "1"]
[SourceVersionDate "2021.11.30"]
[SourceQuality "1"]

1. Nf3 d5 2. b3 Bf5 3. Bb2 e6 4. c4 Nf6 5. cxd5 exd5 6. e3 Bd6 7. Nc3 c6 8. Be2 0-0 9. 0-0 Qc7 10. Rc1 a6 11. a4 Nbd7 12. d4 Rfe8 13. Re1 Nf8 14. Bd3 Bg4 15. h3 Bh5 16. Be2 Qe7 17. Nd2 Bg6 18. Bf3 Ne4 19. Ncxe4 dxe4 20. Be2 Qg5 21. Nc4 Bc7 22. Nd2 Rad8 23. Rc5 Rd5 24. b4 Ne6 25. Rc3 Qh6 26. Nf1 Rg5 27. f4 exf3 28. Bxf3 Qxh3 29. d5 cxd5 30. Qxd5 Qh4 31. Qd2 Rd8 32. Qf2 Qxb4 33. Rec1 Rc5 34. Ba3 Rxc3 35. Bxb4 Rxc1 36. Ba3 Ra1 37. Qb2 Rb1 38. Qf2 Bd3 39. Be2 Bxe2 40. Qxe2 Rdd1 0-1

[Event "Collado Villalba op 38th"]
[Site "Collado Villalba"]
[Date "2021.08.26"]
[Round "6"]
[White "Pena Hernandez, Francisco Javier"]
[Black "Xia, Zhe"]
[Result "1-0"]
[WhiteElo "1691"]
[BlackElo "1253"]
[PlyCount "73"]
[EventDate "2021.08.21"]
[EventType "swiss"]
[EventRounds "9"]
[EventCountry "ESP"]
[SourceTitle "CBM 204 Extra"]
[Source "ChessBase"]
[SourceDate "2021.11.30"]
[SourceVersion "1"]
[SourceVersionDate "2021.11.30"]
[SourceQuality "1"]

1. d4 d5 2. c4 Bf5 3. Nc3 Nf6 4. Bf4 e6 5. c5 Be7 6. h3 0-0 7. Nf3 b6 8. b4 a5 9. a3 axb4 10. axb4 Rxa1 11. Qxa1 Nc6 12. Qb2 Be4 13. e3 Qb8 14. Bb5 bxc5 15. Bxc6 cxd4 16. Nxd4 Qxb4 17. Qxb4 Bxb4 18. Nde2 d4 19. Nxd4 Bxc3+ 20. Ke2 Bxc6 21. Nxc6 Nd5 22. Bh2 Bf6 23. Rc1 Rc8 24. e4 Nc3+ 25. Rxc3 Bxc3 26. Ne7+ Kf8 27. Nxc8 e5 28. Na7 c5 29. Nb5 Bb2 30. Kd3 f6 31. Kc4 g6 32. Kxc5 f5 33. Kd5 f4 34. Ke6 Kg7 35. Nd6 g5 36. Nc4 Bd4 37. f3 1-0

[Event "Collado Villalba 64 op 7th"]
[Site "Collado Villalba"]
[Date "2019.08.01"]
[Round "5"]
[White "Pena Hernandez, Francisco Javier"]
[Black "Cujba, Anca Claudia"]
[Result "0-1"]
[WhiteElo "1563"]
[BlackElo "1620"]
[PlyCount "154"]
[EventDate "2019.07.29"]
[EventType "swiss"]
[EventRounds "9"]
[EventCountry "ESP"]
[SourceTitle "CBM 195 Extra"]
[Source "ChessBase"]
[SourceDate "2020.05.31"]
[SourceVersion "1"]
[SourceVersionDate "2020.05.31"]
[SourceQuality "1"]

1. c4 Nf6 2. Nc3 g6 3. g3 d5 4. cxd5 Nxd5 5. Bg2 c6 6. d4 Bg7 7. e3 0-0 8. Nge2 Na6 9. 0-0 Nac7 10. a3 e5 11. dxe5 Bxe5 12. Nxd5 Nxd5 13. Qc2 Bg4 14. f3 Be6 15. e4 Qb6+ 16. Kh1 Ne3 17. Bxe3 Qxe3 18. f4 Bb3 19. Qc1 Qxe2 20. fxe5 Be6 21. Qc3 Rad8 22. Rae1 Qb5 23. Qe3 a5 24. Qg5 Qxb2 25. g4 Qxa3 26. h4 Qg3 27. Re3 Qxg4 28. Qf6 Rd1 29. Rxd1 Qxd1+ 30. Kh2 Rd8 31. Re1 Qd2 32. Re2 Qd7 33. h5 h6 34. hxg6 fxg6 35. Qxg6+ Kh8 36. Qf6+ Kh7 37. Rf2 Rg8 38. Bf1 b5 39. Kh1 Qg7 40. Qxg7+ Rxg7 41. Rc2 Rc7 42. Bxb5 c5 43. Bc4 Bxc4 44. Rxc4 Kg6 45. Ra4 Re7 46. Rxa5 Rxe5 47. Ra6+ Kg5 48. Rc6 h5 49. Kg2 Kf4 50. Kh3 Kxe4 51. Kh4 Kd3 52. Rd6+ Kc3 53. Rd1 Kc2 54. Rg1 c4 55. Rg2+ Kb3 56. Rg8 Rb5 57. Rg1 c3 58. Rb1+ Kc4 59. Rc1 Kd3 60. Rd1+ Ke2 61. Rh1 Kd2 62. Kg3 Re5 63. Rh2+ Kc1 64. Kf4 Rd5 65. Ke4 Rd8 66. Rxh5 c2 67. Ke3 Kb2 68. Rb5+ Ka3 69. Rc5 Kb3 70. Rc7 Kb2 71. Rb7+ Ka3 72. Rc7 Kb3 73. Rb7+ Ka2 74. Ra7+ Kb1 75. Rb7+ Kc1 76. Rc7 Kd1 77. Rg7 c1Q+ 0-1

[Event "Colmenarejo Autumn op 25th"]
[Site "Colmenarejo"]
[Date "2018.10.21"]
[Round "6"]
[White "Pena Hernandez, Francisco Javier"]
[Black "Bahillo Vallejo, Ignacio"]
[Result "0-1"]
[WhiteElo "1622"]
[BlackElo "1415"]
[PlyCount "76"]
[EventDate "2018.09.16"]
[EventType "swiss"]
[EventRounds "7"]
[EventCountry "ESP"]
[SourceTitle "CBM 187 Extra"]
[Source "ChessBase"]
[SourceDate "2018.11.04"]
[SourceVersion "1"]
[SourceVersionDate "2018.11.04"]
[SourceQuality "1"]

1. d4 d5 2. c4 c6 3. Nc3 Bf5 4. Bf4 e6 5. e3 Bb4 6. a3 Bxc3+ 7. bxc3 Nf6 8. Bd3 Bg6 9. h3 0-0 10. Nf3 Qa5 11. 0-0 Qxc3 12. Bxg6 hxg6 13. Bd6 Rd8 14. Rc1 Qa5 15. Qb3 Qb6 16. Qxb6 axb6 17. Bc7 Re8 18. Bxb6 Rxa3 19. Bc5 Rb3 20. Rb1 dxc4 21. Rxb3 cxb3 22. Rb1 Nbd7 23. Bb4 Nd5 24. Bd6 b5 25. Rxb3 Ra8 26. e4 N5f6 27. Nd2 Ra1+ 28. Kh2 Ra2 29. Bb4 e5 30. Rd3 exd4 31. e5 Nxe5 32. Rxd4 Nd5 33. Bd6 Nd7 34. Ne4 N7f6 35. Ng5 Rxf2 36. Rd1 Re2 37. Rc1 Ne4 38. Rxc6 Nxg5 0-1

[Event "Collado Villalba op-B 35th"]
[Site "Collado Villalba"]
[Date "2018.08.31"]
[Round "8"]
[White "Pena Hernandez, Francisco Javier"]
[Black "Perez Rodrigo, Alicia"]
[Result "1-0"]
[WhiteElo "1622"]
[BlackElo "1351"]
[PlyCount "143"]
[EventDate "2018.08.24"]
[EventType "swiss"]
[EventRounds "9"]
[EventCountry "ESP"]
[SourceTitle "CBM 186 Extra"]
[Source "ChessBase"]
[SourceDate "2018.08.24"]
[SourceVersion "1"]
[SourceVersionDate "2018.08.24"]
[SourceQuality "1"]

1. d4 Nf6 2. c4 e6 3. Nc3 Bb4 4. Nf3 Ne4 5. Qc2 Nxc3 6. bxc3 Be7 7. Bf4 0-0 8. e4 d6 9. Bd3 h6 10. 0-0 Nd7 11. Rfe1 b6 12. h3 Bb7 13. a4 Re8 14. a5 Bf6 15. Bh2 e5 16. axb6 axb6 17. d5 Nc5 18. Nd2 Bh4 19. g3 Bg5 20. Nb3 Nxb3 21. Qxb3 Rxa1 22. Rxa1 Bc8 23. h4 Bf6 24. Qd1 Bh3 25. Bf1 Qd7 26. Bxh3 Qxh3 27. Qf1 Qxf1+ 28. Kxf1 Bd8 29. f3 g6 30. Bg1 f5 31. Bf2 fxe4 32. fxe4 Rf8 33. Ke2 g5 34. hxg5 hxg5 35. Rh1 g4 36. Be3 Be7 37. Rf1 Ra8 38. Rd1 Kg7 39. Rd2 Rf8 40. Rd1 Rf3 41. Rg1 Kg6 42. Rg2 Bg5 43. Bxg5 Kxg5 44. Kd2 Kf6 45. Rg1 Ke7 46. Rh1 Rxg3 47. Rh7+ Kf6 48. Rxc7 Rh3 49. Rc8 Kf7 50. Ra8 Rh1 51. Ra7+ Kf6 52. Rd7 g3 53. Rxd6+ Kg5 54. Rd8 Kg4 55. Rg8+ Kf3 56. Rf8+ Kg2 57. Ke2 Rh2 58. Ke3 Kg1 59. Rf3 g2 60. Rg3 Kh1 61. Kd3 g1Q 62. Rxg1+ Kxg1 63. c5 bxc5 64. Kc4 Rh8 65. d6 Rc8 66. Kd5 Kf2 67. Kxe5 Re8+ 68. Kd5 Ke3 69. e5 Kf4 70. e6 Kf5 71. d7 Rd8 72. Kd6 1-0

[Event "Collado Villalba op-B 35th"]
[Site "Collado Villalba"]
[Date "2018.08.27"]
[Round "4"]
[White "Pena Hernandez, Francisco Javier"]
[Black "Rapaport, Andres Natalio"]
[Result "1-0"]
[WhiteElo "1622"]
[BlackElo "1277"]
[PlyCount "67"]
[EventDate "2018.08.24"]
[EventType "swiss"]
[EventRounds "9"]
[EventCountry "ESP"]
[SourceTitle "CBM 186 Extra"]
[Source "ChessBase"]
[SourceDate "2018.08.24"]
[SourceVersion "1"]
[SourceVersionDate "2018.08.24"]
[SourceQuality "1"]

1. c4 e5 2. Nc3 Nf6 3. Nf3 Nc6 4. g3 Bc5 5. e3 d6 6. Na4 Bb4 7. a3 Ba5 8. b4 Bb6 9. Nxb6 axb6 10. Bg2 Bg4 11. Qb3 h6 12. 0-0 0-0 13. Bb2 Qd7 14. Rfe1 Bh3 15. Bh1 Ng4 16. d4 e4 17. Nd2 f5 18. f3 exf3 19. Nxf3 Qf7 20. Qc3 Nf6 21. d5 Ne7 22. Nd2 g5 23. e4 f4 24. Re2 Qh5 25. Rf2 fxg3 26. hxg3 Qg6 27. Rxf6 Rxf6 28. Qxf6 Qxf6 29. Bxf6 Ng6 30. Bg2 g4 31. Bxh3 gxh3 32. Kh2 Rf8 33. Rf1 Ne5 34. Bxe5 1-0

[Event "Collado Villalba op-B 35th"]
[Site "Collado Villalba"]
[Date "2018.08.24"]
[Round "1"]
[White "Martin Rodriguez, Jose Luis"]
[Black "Pena Hernandez, Francisco Javier"]
[Result "0-1"]
[WhiteElo "1266"]
[BlackElo "1622"]
[PlyCount "106"]
[EventDate "2018.08.24"]
[EventType "swiss"]
[EventRounds "9"]
[EventCountry "ESP"]
[SourceTitle "CBM 186 Extra"]
[Source "ChessBase"]
[SourceDate "2018.08.24"]
[SourceVersion "1"]
[SourceVersionDate "2018.08.24"]
[SourceQuality "1"]

1. c4 c5 2. Nc3 Nc6 3. Nf3 e5 4. d3 g6 5. g3 Bg7 6. Bg2 Nge7 7. e4 a6 8. 0-0 0-0 9. Be3 d6 10. Rb1 Bd7 11. Bg5 h6 12. Bd2 Qc8 13. Qc1 Kh7 14. a3 Bh3 15. Nd5 Bxg2 16. Kxg2 Nxd5 17. cxd5 Ne7 18. Rh1 f5 19. h4 f4 20. Qd1 fxg3 21. fxg3 Qd7 22. Ng1 Rf7 23. Nh3 Raf8 24. Qe2 Qb5 25. g4 Rf3 26. Be3 Qd7 27. Qxf3 Rxf3 28. Kxf3 Ng8 29. Ng5+ Kh8 30. Ne6 Ne7 31. Rhc1 b6 32. b3 Qb5 33. Rc3 Nxd5 34. Rc4 Nxe3 35. Kxe3 Qd7 36. Nxg7 Kxg7 37. Rg1 Qf7 38. Ke2 Qf4 39. Rcc1 Qh2+ 40. Kf1 Qd2 41. Re1 Qxd3+ 42. Kg2 Qxb3 43. Rgf1 Qxa3 44. g5 b5 45. Rf6 Qb2+ 46. Kf1 Qd4 47. Rf2 c4 48. Kg2 c3 49. Ref1 Qxe4+ 50. Kh3 Qd5 51. Rf6 c2 52. Kh2 c1Q 53. Rxc1 Qd2+ 0-1

[Event "Mostoles op 9th"]
[Site "Mostoles"]
[Date "2018.07.24"]
[Round "8"]
[White "Perez Cameselle, Francisco Jose"]
[Black "Pena Hernandez, Francisco Javier"]
[Result "1-0"]
[WhiteElo "1641"]
[BlackElo "1641"]
[PlyCount "131"]
[EventDate "2018.07.17"]
[EventType "swiss"]
[EventRounds "9"]
[EventCountry "ESP"]
[SourceTitle "CBM 186 Extra"]
[Source "ChessBase"]
[SourceDate "2018.08.24"]
[SourceVersion "1"]
[SourceVersionDate "2018.08.24"]
[SourceQuality "1"]

1. Nf3 d5 2. g3 Nc6 3. d4 g6 4. Bg2 Bg7 5. 0-0 Bf5 6. c4 Nf6 7. cxd5 Qxd5 8. Nc3 Qd8 9. d5 Nb8 10. Qa4+ Qd7 11. Qb3 Qc8 12. Nd4 Bd7 13. Rd1 0-0 14. Bf4 Ne8 15. d6 e5 16. Bxb7 Qd8 17. Bxe5 Bxe5 18. Bxa8 Nxd6 19. Bg2 h5 20. Nf3 Bf6 21. Nd5 Be6 22. Nxf6+ Qxf6 23. Qc3 Qxc3 24. bxc3 Na6 25. Ne5 Bc4 26. Rd2 Nc5 27. Rb1 a5 28. Nc6 a4 29. Bd5 Bxd5 30. Rxd5 Nce4 31. Rc1 Ra8 32. Ra5 Rxa5 33. Nxa5 Nb5 34. c4 Nd4 35. Kf1 Kf8 36. c5 f5 37. f3 Nf6 38. Rc4 Ne6 39. Rxa4 Nxc5 40. Rc4 Nfd7 41. Nb3 Nxb3 42. axb3 c5 43. e4 fxe4 44. fxe4 Ke7 45. Ke2 Ke6 46. Ke3 g5 47. b4 cxb4 48. Rxb4 Ne5 49. Rb6+ Kf7 50. Rb7+ Kf6 51. h3 Nc4+ 52. Kd4 Nd2 53. Rb6+ Kg7 54. e5 Nf3+ 55. Kd5 Nd2 56. Ke6 Nc4 57. Rb7+ Kg6 58. Rc7 Ne3 59. Kd7 Nf5 60. e6 Kf6 61. g4 hxg4 62. hxg4 Ne7 63. Rc1 Ng6 64. Rf1+ Kg7 65. e7 Ne5+ 66. Ke6 1-0

[Event "Mostoles op 9th"]
[Site "Mostoles"]
[Date "2018.07.18"]
[Round "2"]
[White "Olmedo Alvarez, Jesus"]
[Black "Pena Hernandez, Francisco Javier"]
[Result "0-1"]
[WhiteElo "1367"]
[BlackElo "1641"]
[PlyCount "60"]
[EventDate "2018.07.17"]
[EventType "swiss"]
[EventRounds "9"]
[EventCountry "ESP"]
[SourceTitle "CBM 186 Extra"]
[Source "ChessBase"]
[SourceDate "2018.08.24"]
[SourceVersion "1"]
[SourceVersionDate "2018.08.24"]
[SourceQuality "1"]

1. e4 e5 2. Nf3 Nf6 3. Nc3 d6 4. Bc4 h6 5. d3 Be7 6. h3 0-0 7. Be3 c6 8. Bb3 Re8 9. Qd2 Nh7 10. 0-0-0 Ng5 11. Rdg1 Be6 12. Bxe6 Nxe6 13. h4 Nd7 14. h5 Nf6 15. g4 Nh7 16. Ne2 Nhg5 17. Nh4 Nxe4 18. dxe4 Bxh4 19. Ng3 Bg5 20. Nf5 Bxe3 21. Nxe3 Ng5 22. Nf5 Nf3 23. Nxh6+ gxh6 24. Qxh6 Qg5+ 25. Qxg5+ Nxg5 26. h6 Kh7 27. Re1 Re6 28. Rh5 Rg8 29. Reh1 Nxe4 30. f3 Ng3 0-1

[Event "Collado Villalba 64 op 6th"]
[Site "Collado Villalba"]
[Date "2018.07.13"]
[Round "7"]
[White "Pena Hernandez, Francisco Javier"]
[Black "Olmedo Alvarez, Jesus"]
[Result "1-0"]
[WhiteElo "1641"]
[BlackElo "1367"]
[PlyCount "79"]
[EventDate "2018.07.08"]
[EventType "swiss"]
[EventRounds "7"]
[EventCountry "ESP"]
[SourceTitle "EXT 2019"]
[Source "ChessBase"]
[SourceDate "2018.10.10"]
[SourceVersion "1"]
[SourceVersionDate "2018.10.10"]
[SourceQuality "1"]

1. c4 f5 2. Nf3 Nf6 3. Nc3 e6 4. d4 c6 5. a3 d5 6. c5 Nbd7 7. Bf4 a6 8. h3 Be7 9. e3 0-0 10. Be2 Ne4 11. Qc2 Ndf6 12. Nxe4 Nxe4 13. 0-0 Qe8 14. Ne5 g5 15. Bh2 Rf6 16. f3 Nd6 17. cxd6 Bxd6 18. Rac1 Bd7 19. Kh1 Rc8 20. Nxd7 Qxd7 21. Bxd6 Qxd6 22. Qc5 Qg3 23. Rc3 Rh6 24. Rfc1 Kh8 25. e4 Rg8 26. exf5 exf5 27. Qe7 Qf2 28. Qe5+ Rg7 29. Rf1 Qh4 30. Qxf5 Qxd4 31. Qf8+ Rg8 32. Qxh6 Rg6 33. Qf8+ Rg8 34. Qf5 Rg6 35. Rb3 b5 36. Rb4 Qc5 37. Bd3 Qe3 38. Bb1 Kg8 39. Qc8+ Kg7 40. Bxg6 1-0

[Event "Collado Villalba 64 op 6th"]
[Site "Collado Villalba"]
[Date "2018.07.08"]
[Round "1"]
[White "Pena Hernandez, Francisco Javier"]
[Black "Ruperez Benito, Antonio"]
[Result "0-1"]
[WhiteElo "1641"]
[BlackElo "2329"]
[PlyCount "76"]
[EventDate "2018.07.08"]
[EventType "swiss"]
[EventRounds "7"]
[EventCountry "ESP"]
[SourceTitle "EXT 2019"]
[Source "ChessBase"]
[SourceDate "2018.10.10"]
[SourceVersion "1"]
[SourceVersionDate "2018.10.10"]
[SourceQuality "1"]

1. d4 e6 2. c4 d5 3. Nf3 Nf6 4. Nc3 Be7 5. Bf4 0-0 6. e3 a6 7. c5 b6 8. b4 a5 9. a3 Nh5 10. Bd3 Nxf4 11. exf4 bxc5 12. bxc5 Ba6 13. Bxa6 Rxa6 14. 0-0 Nd7 15. Re1 Bf6 16. Ne5 Bxe5 17. fxe5 f6 18. Qd3 Ra8 19. exf6 Qxf6 20. f3 c6 21. Rab1 e5 22. dxe5 Nxe5 23. Qd1 Rae8 24. Qc2 Nc4 25. Qd3 Ne5 26. Qc2 Ng6 27. Ne2 Re5 28. Ng3 Rfe8 29. Rxe5 Qxe5 30. Nf5 Nf4 31. Nd6 Rf8 32. Qf2 Qg5 33. Kf1 Qh6 34. h3 Qf6 35. Qb2 Qg6 36. Rd1 Nxh3 37. Rd2 Rxf3+ 38. gxf3 Qg1+ 0-1

[Event "Collado Villalba 64 op 5th"]
[Site "Collado Villalba"]
[Date "2017.07.25"]
[Round "3"]
[White "Pena Hernandez, Francisco Javier"]
[Black "Martin Garcia, Francisco Javier"]
[Result "0-1"]
[WhiteElo "1486"]
[BlackElo "1563"]
[PlyCount "82"]
[EventDate "2017.07.23"]
[EventType "swiss"]
[EventRounds "9"]
[EventCountry "ESP"]
[SourceTitle "CBM 179 Extra"]
[Source "ChessBase"]
[SourceDate "2017.08.23"]
[SourceVersion "1"]
[SourceVersionDate "2017.08.23"]
[SourceQuality "1"]

1. c4 Nf6 2. Nc3 d5 3. e3 g6 4. d4 Bg7 5. cxd5 Nxd5 6. Bc4 Nxc3 7. bxc3 c5 8. Qa4+ Bd7 9. Qb3 0-0 10. Qxb7 Bc6 11. Qb3 Bxg2 12. Nf3 Bxh1 13. Ng5 e6 14. Nh3 cxd4 15. exd4 Nc6 16. Qc2 Qa5 17. Bd2 Qh5 18. Bf1 Rac8 19. Qd3 Rfd8 20. Be2 Qa5 21. Qg3 Qa3 22. Bc1 Qd6 23. Qxd6 Rxd6 24. f3 e5 25. dxe5 Bxe5 26. Kf2 Bxc3 27. Rb1 Bd4+ 28. Kf1 Ne5 29. Ng5 Nc4 30. Ne4 Rdc6 31. Ng3 Bxf3 32. Bxf3 Rf6 33. Kg2 Ne5 34. Be4 Rf2+ 35. Kh3 Rxa2 36. Bf4 h5 37. Nf1 Ng4 38. Bd5 Ra3+ 39. Kh4 Bf6+ 40. Bg5 Bxg5+ 41. Kxg5 Ra5 0-1